[Event "17. Europa ch Juvenil - Masculino s14"]
[Site "Sibenik CRO"]
[Date "2007.09.23"]
[Round "9.3"]
[White "Aghasaryan, Robert"]
[Black "Pavlidis, Antonios"]
[Result "0-1"]
[WhiteElo "2198"]
[BlackElo "2175"]
[PlyCount "60"]
[EventDate "2007.09.14"]
[EventType "swiss"]
[EventRounds "9"]
[EventCountry "CRO"]
[Source "lmi"]
[SourceDate "2007.09.14"]

1. d4 Nf6 2. c4 e6 3. Nc3 Bb4 4. Qc2 c5 5. dxc5 Na6 6. a3 Bxc3+ 7. Qxc3 Nxc5 8.
f3 d5 9. cxd5 b6 10. Bg5 exd5 11. Rd1 Bd7 12. Rxd5 Rc8 13. Qd2 Qe7 14. b4 Be6
15. Re5 Ncd7 16. Re3 O-O 17. Bf4 Rfd8 18. Bd6 Qe8 19. Rd3 Bc4 20. Rd4 Qe6 21.
Nh3 Bb5 22. e3 Qb3 23. Bxb5 Rc2 24. Rd3 Qa2 25. Qd1 Rdc8 26. Rd2 Rxd2 27. Qxd2
Rc2 28. Qd1 Nd5 29. O-O Nxe3 30. Qxc2 Qxc2 0-1

[Event "17. Europa ch Juvenil - Masculino s14"]
[Site "Sibenik CRO"]
[Date "2007.09.23"]
[Round "9.4"]
[White "Baghdasaryan, Vahe"]
[Black "Popilski, Gil"]
[Result "0-1"]
[WhiteElo "2094"]
[BlackElo "2193"]
[PlyCount "100"]
[EventDate "2007.09.14"]
[EventType "swiss"]
[EventRounds "9"]
[EventCountry "CRO"]
[Source "lmi"]
[SourceDate "2007.09.14"]

1. e4 c5 2. Nf3 e6 3. d4 cxd4 4. Nxd4 a6 5. Nc3 Qc7 6. Be2 Nf6 7. O-O d6 8. Be3
Be7 9. f4 Nc6 10. Bf3 O-O 11. Kh1 Bd7 12. Nb3 b5 13. e5 dxe5 14. fxe5 Qxe5 15.
Bf4 Qxf4 16. Bxc6 Qc7 17. Bxa8 Rxa8 18. Nd4 b4 19. Qf3 Rf8 20. Ne4 Bc8 21. Nc6
Nxe4 22. Nxe7+ Qxe7 23. Qxe4 Bb7 24. Qe2 e5 25. a3 bxa3 26. Rxa3 e4 27. c4 f5
28. Rc3 Bc6 29. Qd2 h6 30. c5 Rf6 31. Rd1 Kh7 32. Qd8 Qe5 33. Qd4 Qe8 34. Qd8
Qe5 35. Qd4 Qb8 36. Ra3 Qb7 37. Qc4 Qxb2 38. Ra2 Qe5 39. Qd4 Qe8 40. Rxa6 f4
41. Re1 e3 42. Ra2 Qg6 43. Kg1 Qg5 44. Qd3+ Rg6 45. Ree2 Qxc5 46. Rac2 Qe5 47.
Qc3 Qd5 48. Qe1 Bb5 49. g3 Bxe2 50. Qxe2 Qe4 0-1

[Event "17. Europa ch Juvenil - Masculino s14"]
[Site "Sibenik CRO"]
[Date "2007.09.23"]
[Round "9.5"]
[White "Arribas Lopez, Angel"]
[Black "Petenyi, Tamas"]
[Result "1-0"]
[WhiteElo "2292"]
[BlackElo "2180"]
[PlyCount "97"]
[EventDate "2007.09.14"]
[EventType "swiss"]
[EventRounds "9"]
[EventCountry "CRO"]
[Source "lmi"]
[SourceDate "2007.09.14"]

1. Nf3 c5 2. g3 b5 3. Bg2 Bb7 4. O-O e6 5. d3 Nf6 6. e4 d6 7. Nbd2 Nbd7 8. Re1
a6 9. Nh4 Qb6 10. Qe2 Be7 11. Kh1 g5 12. Nhf3 g4 13. Nh4 O-O-O 14. Nf1 Ne5 15.
a4 Nfd7 16. axb5 axb5 17. Bf4 Rdf8 18. Ne3 Bxh4 19. gxh4 f5 20. exf5 Bxg2+ 21.
Nxg2 exf5 22. Bh6 Re8 23. Qe3 Qc6 24. Qf4 Qf3 25. Re3 Qxf4 26. Bxf4 Kb7 27. Rd1
Kc6 28. d4 Nc4 29. Rxe8 Rxe8 30. b3 Na3 31. dxc5 d5 32. Ne3 Nxc5 33. Rxd5 Ne4
34. Kg2 Nxc2 35. Rxf5 Nd4 36. Rf7 Rc8 37. b4 Ne2 38. Bg3 N2xg3 39. hxg3 h5 40.
Re7 Nd6 41. Rh7 Re8 42. Rxh5 Re4 43. Rc5+ Kd7 44. Nd5 Ke6 45. Nc7+ Kd7 46. Nxb5
Rxb4 47. Nxd6 Kxd6 48. Rf5 Ke6 49. Rf4 1-0

[Event "17. Europa ch Juvenil - Masculino s14"]
[Site "Sibenik CRO"]
[Date "2007.09.23"]
[Round "9.6"]
[White "Plat, Vojtech"]
[Black "Vlasak, Lukas"]
[Result "1/2-1/2"]
[WhiteElo "2279"]
[BlackElo "2059"]
[PlyCount "89"]
[EventDate "2007.09.14"]
[EventType "swiss"]
[EventRounds "9"]
[EventCountry "CRO"]
[Source "lmi"]
[SourceDate "2007.09.14"]

1. Nf3 d5 2. c4 d4 3. g3 Nc6 4. Bg2 e5 5. O-O Nf6 6. d3 a5 7. Bg5 Be7 8. a3 O-O
9. Nbd2 Nd7 10. Bxe7 Qxe7 11. Ne1 Nc5 12. Nc2 Bg4 13. Rb1 Kh8 14. b3 f5 15. f3
Bh5 16. Qe1 Bg6 17. b4 Ne6 18. c5 axb4 19. axb4 Ra2 20. Qd1 f4 21. g4 b5 22.
cxb6 cxb6 23. b5 Qc5 24. Na1 Na5 25. Ndb3 Qxb5 26. h4 Nxb3 27. Nxb3 Bf7 28. Nd2
Rb2 29. Nc4 Rxb1 30. Qxb1 Nc7 31. Qxb5 Nxb5 32. Nxe5 Nc3 33. Ra1 Bd5 34. Nd7
Rd8 35. Nxb6 Nxe2+ 36. Kf2 Nc3 37. Nxd5 Nxd5 38. Ra7 g6 39. g5 Nb4 40. Bf1 Kg8
41. Re7 Rc8 42. Re4 Rc2+ 43. Ke1 Rc1+ 44. Ke2 Nd5 45. Rxd4 1/2-1/2

[Event "17. Europa ch Juvenil - Masculino s14"]
[Site "Sibenik CRO"]
[Date "2007.09.23"]
[Round "9.7"]
[White "Stukopin, Andrey"]
[Black "Dragomirescu, Robin-Alexandru"]
[Result "1-0"]
[WhiteElo "2349"]
[BlackElo "2189"]
[PlyCount "111"]
[EventDate "2007.09.14"]
[EventType "swiss"]
[EventRounds "9"]
[EventCountry "CRO"]
[Source "lmi"]
[SourceDate "2007.09.14"]

1. Nf3 Nf6 2. g3 g6 3. Bg2 Bg7 4. O-O O-O 5. d3 d5 6. Nbd2 Nbd7 7. e4 e5 8. Qe2
Re8 9. Re1 c6 10. b3 Qc7 11. Bb2 dxe4 12. dxe4 Nc5 13. Nc4 Bg4 14. h3 Bxf3 15.
Qxf3 b5 16. Qe3 Bf8 17. Nd2 Rad8 18. Rad1 Ne6 19. Nf3 Bc5 20. Qe2 Nd7 21. a3 a5
22. h4 f6 23. h5 Ndf8 24. hxg6 hxg6 25. c3 b4 26. cxb4 axb4 27. a4 Qb6 28. Rc1
Rd6 29. Rc2 Red8 30. Qc4 Rd3 31. Rec1 R8d6 32. Kf1 Rd1+ 33. Rxd1 Rxd1+ 34. Ke2
Rd6 35. Ke1 Kf7 36. Bh3 Ke7 37. Nh4 Kf7 38. f4 exf4 39. gxf4 Bg1 40. Ng2 Bh2
41. Ke2 Bg1 42. Kf3 Qd8 43. Bxe6+ Nxe6 44. f5 gxf5 45. exf5 Qh8 46. fxe6+ Ke7
47. Nf4 Qh1+ 48. Rg2 Bb6 49. Qe4 Rd1 50. Bxf6+ Kxf6 51. Qg6+ Ke7 52. Qf7+ Kd6
53. Qd7+ Kc5 54. Qe7+ Kd4 55. Qd6+ Kc3 56. Qxc6+ 1-0

[Event "17. Europa ch Juvenil - Masculino s14"]
[Site "Sibenik CRO"]
[Date "2007.09.23"]
[Round "9.8"]
[White "Meskovs, Nikita"]
[Black "Graf, Felix"]
[Result "1/2-1/2"]
[WhiteElo "2036"]
[BlackElo "2273"]
[PlyCount "88"]
[EventDate "2007.09.14"]
[EventType "swiss"]
[EventRounds "9"]
[EventCountry "CRO"]
[Source "lmi"]
[SourceDate "2007.09.14"]

1. d4 Nf6 2. c4 e6 3. Nc3 Bb4 4. f3 d5 5. a3 Bxc3+ 6. bxc3 c5 7. cxd5 Nxd5 8.
dxc5 f5 9. e4 fxe4 10. Qa4+ Nc6 11. Qxe4 Qa5 12. Bd2 Qxc5 13. c4 Nf6 14. Qe3
Qxe3+ 15. Bxe3 e5 16. Ne2 Be6 17. Nc3 Nd4 18. Bxd4 exd4 19. Nb5 O-O-O 20. Rd1
Rhe8 21. Kf2 d3 22. Rxd3 Rxd3 23. Bxd3 Rd8 24. Rd1 a6 25. Nc3 Nd7 26. Bxh7 Bxc4
27. Bf5 Kc7 28. Rd4 Ne5 29. Rxd8 Kxd8 30. Ke3 Bf7 31. Kd4 Nc4 32. a4 Kc7 33. g4
Nd2 34. Be4 Nxe4 35. Nxe4 Bb3 36. Nc3 Kc6 37. a5 b6 38. axb6 Kxb6 39. f4 a5 40.
h4 a4 41. Nxa4+ Bxa4 42. Ke5 Kc6 43. h5 Bd1 44. Kf5 Kd6 1/2-1/2

[Event "17. Europa ch Juvenil - Masculino s14"]
[Site "Sibenik CRO"]
[Date "2007.09.23"]
[Round "9.9"]
[White "Kantans, Toms"]
[Black "Kanarek, Marcel"]
[Result "0-1"]
[WhiteElo "1928"]
[BlackElo "2226"]
[PlyCount "84"]
[EventDate "2007.09.14"]
[EventType "swiss"]
[EventRounds "9"]
[EventCountry "CRO"]
[Source "lmi"]
[SourceDate "2007.09.14"]

1. Nf3 Nf6 2. c4 g6 3. g3 Bg7 4. Bg2 O-O 5. O-O d6 6. d4 Nbd7 7. b3 e5 8. Bb2
e4 9. Nfd2 Re8 10. e3 Nf8 11. h3 h5 12. Nc3 Bf5 13. f4 exf3 14. Qxf3 c6 15. e4
Bc8 16. Rad1 Ne6 17. Qe3 Ng4 18. Qf3 Bxd4+ 19. Kh1 Ng5 20. Qd3 Nf2+ 21. Rxf2
Bxf2 22. Rf1 Bb6 23. Na4 Nh7 24. Nf3 Bc7 25. Nh4 Qg5 26. Qc3 Re5 27. Qf3 Be6
28. Qf2 b6 29. Nc3 Qe7 30. Nf3 f6 31. Nxe5 dxe5 32. Nd5 cxd5 33. exd5 Bxh3 34.
Bxh3 Bd6 35. Qd2 Ng5 36. Bg2 Kg7 37. a3 Rc8 38. Rd1 Qd7 39. Qf2 Bc5 40. Qd2 Qg4
41. Qd3 h4 42. b4 Bf2 0-1

[Event "17. Europa ch Juvenil - Masculino s14"]
[Site "Sibenik CRO"]
[Date "2007.09.23"]
[Round "9.10"]
[White "Nikolashvili, Giorgi"]
[Black "Bogdanovich, Stanislav"]
[Result "1-0"]
[WhiteElo "2103"]
[BlackElo "2217"]
[PlyCount "116"]
[EventDate "2007.09.14"]
[EventType "swiss"]
[EventRounds "9"]
[EventCountry "CRO"]
[Source "lmi"]
[SourceDate "2007.09.14"]

1. d4 Nf6 2. c4 g6 3. Nc3 Bg7 4. e4 d6 5. Nf3 O-O 6. Be2 e5 7. O-O Na6 8. h3
Re8 9. dxe5 dxe5 10. Bg5 Qxd1 11. Raxd1 c6 12. Rd6 Nh5 13. Rfd1 Nf4 14. a3
Nxe2+ 15. Nxe2 Be6 16. Rc1 Nc5 17. Ng3 Nb3 18. Rc2 Nd4 19. Nxd4 exd4 20. c5 h6
21. Bc1 Be5 22. Bxh6 Bxd6 23. cxd6 Rad8 24. Bf4 f6 25. h4 Kf7 26. Nf1 Bb3 27.
Re2 Bc4 28. Re1 Bxf1 29. Kxf1 c5 30. f3 c4 31. Rd1 d3 32. Kf2 Ke6 33. Ke3 b5
34. Kd4 Rc8 35. g4 Rh8 36. Bg3 a5 37. Kc3 Rc6 38. f4 b4+ 39. axb4 Rb8 40. f5+
gxf5 41. exf5+ Kd7 42. Re1 axb4+ 43. Kd2 c3+ 44. bxc3 Rxc3 45. Re7+ Kd8 46. Rh7
Rbc8 47. Bf4 Rc2+ 48. Kxd3 R8c3+ 49. Ke4 Rc4+ 50. Kf3 R2c3+ 51. Be3 Ra3 52. h5
Rcc3 53. Re7 b3 54. h6 Ra1 55. h7 Rh1 56. Kg2 Rxe3 57. Kxh1 Rh3+ 58. Kg2 Rxh7
1-0

[Event "17. Europa ch Juvenil - Masculino s14"]
[Site "Sibenik CRO"]
[Date "2007.09.23"]
[Round "9.11"]
[White "Gretarsson, Hjorvar Stein"]
[Black "Kosmas-Lekkas, Dimitiros"]
[Result "1-0"]
[WhiteElo "2168"]
[BlackElo "1984"]
[PlyCount "63"]
[EventDate "2007.09.14"]
[EventType "swiss"]
[EventRounds "9"]
[EventCountry "CRO"]
[Source "lmi"]
[SourceDate "2007.09.14"]

1. d4 Nf6 2. c4 g6 3. Nc3 Bg7 4. e4 d6 5. f3 c6 6. Nge2 a6 7. a4 a5 8. Be3 O-O
9. Qd2 Re8 10. Ng3 Na6 11. Be2 Qc7 12. O-O e5 13. Rad1 Bd7 14. f4 Ng4 15. Bxg4
Bxg4 16. Rde1 exf4 17. Rxf4 Be6 18. d5 Bc8 19. Bd4 Bh6 20. Qf2 Bxf4 21. Qxf4
Qe7 22. Re3 Nb8 23. e5 dxe5 24. Rxe5 Be6 25. Nf5 gxf5 26. Qg3+ Kf8 27. Rxf5 f6
28. Rxf6+ Bf7 29. Rf1 Rc8 30. Bg7+ Ke8 31. Re1 Nd7 32. Rxe7+ 1-0

[Event "17. Europa ch Juvenil - Masculino s14"]
[Site "Sibenik CRO"]
[Date "2007.09.23"]
[Round "9.12"]
[White "Urkedal, Frode"]
[Black "Aghayev, Miragha"]
[Result "1/2-1/2"]
[WhiteElo "2235"]
[BlackElo "1923"]
[PlyCount "76"]
[EventDate "2007.09.14"]
[EventType "swiss"]
[EventRounds "9"]
[EventCountry "CRO"]
[Source "lmi"]
[SourceDate "2007.09.14"]

1. d4 Nf6 2. Bg5 Ne4 3. Bf4 d5 4. e3 Bf5 5. Bd3 e6 6. Ne2 Bd6 7. O-O O-O 8. c4
c6 9. Qc2 Bxf4 10. Nxf4 Nd6 11. Bxf5 Nxf5 12. Rd1 dxc4 13. Qxc4 e5 14. Ne2 exd4
15. Nxd4 Nxd4 16. Rxd4 Qe7 17. Nc3 Nd7 18. Rad1 Nf6 19. Qd3 Rfe8 20. h3 h6 21.
b4 b6 22. a3 Rac8 23. e4 c5 24. bxc5 bxc5 25. Rc4 Rcd8 26. Nd5 Nxd5 27. exd5
Qd6 28. Qc3 Rc8 29. Rg4 f6 30. Qd3 Re7 31. g3 Rce8 32. Qg6 Kh8 33. Kh2 Qd7 34.
Rd3 Re5 35. Rf3 Rf8 36. Rd3 f5 37. Rh4 Rxd5 38. Rxh6+ gxh6 1/2-1/2

[Event "17. Europa ch Juvenil - Masculino s14"]
[Site "Sibenik CRO"]
[Date "2007.09.23"]
[Round "9.13"]
[White "Lagarde, Maxime"]
[Black "Gaehwiler, Gabriel"]
[Result "1-0"]
[WhiteElo "2200"]
[BlackElo "1917"]
[PlyCount "39"]
[EventDate "2007.09.14"]
[EventType "swiss"]
[EventRounds "9"]
[EventCountry "CRO"]
[Source "lmi"]
[SourceDate "2007.09.14"]

1. e4 c5 2. Nf3 d6 3. d4 cxd4 4. Nxd4 Nf6 5. Nc3 a6 6. Be3 e5 7. Nb3 Be6 8. f3
Nbd7 9. Qd2 b5 10. O-O-O Nb6 11. Qf2 Nfd7 12. f4 exf4 13. Bxf4 Qc7 14. Kb1 b4
15. Nd5 Bxd5 16. exd5 Be7 17. Nd4 Nxd5 18. Nf5 Nxf4 19. Qxf4 Bf6 20. Qe4+ 1-0

[Event "17. Europa ch Juvenil - Masculino s14"]
[Site "Sibenik CRO"]
[Date "2007.09.23"]
[Round "9.14"]
[White "Iljiushenok, Ilia"]
[Black "Firat, Burak"]
[Result "1/2-1/2"]
[WhiteElo "2157"]
[BlackElo "2113"]
[PlyCount "116"]
[EventDate "2007.09.14"]
[EventType "swiss"]
[EventRounds "9"]
[EventCountry "CRO"]
[Source "lmi"]
[SourceDate "2007.09.14"]

1. c4 c6 2. e4 d5 3. exd5 cxd5 4. cxd5 Nf6 5. Nc3 Nxd5 6. Bc4 Nb6 7. Bb3 Nc6 8.
Nf3 Bf5 9. d4 e6 10. O-O Be7 11. d5 exd5 12. Nxd5 Nxd5 13. Bxd5 O-O 14. Bxc6
bxc6 15. Nd4 Be4 16. Re1 Bd5 17. Bd2 Bf6 18. Bc3 Qd7 19. Qd3 Bxg2 20. Kxg2 Rad8
21. Rad1 c5 22. Ne6 Qb7+ 23. Qe4 Qxe4+ 24. Rxe4 Rxd1 25. Nxf8 Kxf8 26. Bxf6
gxf6 27. Rg4 Rd7 28. Kf3 Ke7 29. Ke3 h5 30. b3 Ke6 31. Re4+ Kf5 32. Rc4 Rc7 33.
Kf3 Ke5 34. Rh4 f5 35. Rc4 Kd5 36. Kf4 Re7 37. Rc2 a5 38. Kxf5 a4 39. Kg5 Re5+
40. Kf6 Re4 41. Kxf7 Rh4 42. f3 Rf4+ 43. Kg6 Rxf3 44. Kxh5 axb3 45. axb3 Rxb3
46. h4 c4 47. Kg6 Rg3+ 48. Kh6 c3 49. h5 Kd4 50. Kh7 Kd3 51. Rc1 Kd2 52. Ra1 c2
53. Ra2 Kd1 54. Ra1+ c1=Q 55. Rxc1+ Kxc1 56. h6 Kd2 57. Kh8 Ke3 58. h7 Kf4
1/2-1/2

[Event "17. Europa ch Juvenil - Masculino s14"]
[Site "Sibenik CRO"]
[Date "2007.09.23"]
[Round "9.15"]
[White "Nestorovic, Lazar"]
[Black "Kovalev, Vladislav"]
[Result "1-0"]
[WhiteElo "2086"]
[BlackElo "2154"]
[PlyCount "83"]
[EventDate "2007.09.14"]
[EventType "swiss"]
[EventRounds "9"]
[EventCountry "CRO"]
[Source "lmi"]
[SourceDate "2007.09.14"]

1. e4 c5 2. Nf3 Nc6 3. Bb5 d6 4. Bxc6+ bxc6 5. O-O e5 6. d3 Be7 7. Ne1 f5 8. f4
exf4 9. Bxf4 Bf6 10. c3 Ne7 11. Nd2 O-O 12. Nef3 h6 13. Bg3 Ba6 14. Qc2 g5 15.
Rfe1 f4 16. Bf2 g4 17. e5 Bg7 18. exd6 Qxd6 19. Ne4 Qd5 20. Nxc5 gxf3 21. Nxa6
Qg5 22. Bc5 Rfe8 23. Qf2 Ng6 24. Qxf3 Ne5 25. Qf1 Rad8 26. d4 Ng4 27. Nc7 Re3
28. Ne6 Qh4 29. h3 Re8 30. d5 R3xe6 31. dxe6 Ne5 32. Bd4 Rxe6 33. Bxe5 Rxe5 34.
Rxe5 Bxe5 35. Re1 Bc7 36. Re8+ Kf7 37. Qe2 Bb6+ 38. Kh1 Qf6 39. Qh5+ Kg7 40.
Qg4+ Qg5 41. Qd7+ Kf6 42. Qe7+ 1-0

[Event "17. Europa ch Juvenil - Masculino s14"]
[Site "Sibenik CRO"]
[Date "2007.09.23"]
[Round "9.18"]
[White "Laurusas, Tomas"]
[Black "Szabo, Bence"]
[Result "1/2-1/2"]
[WhiteElo "1888"]
[BlackElo "2131"]
[PlyCount "69"]
[EventDate "2007.09.14"]
[EventType "swiss"]
[EventRounds "9"]
[EventCountry "CRO"]
[Source "lmi"]
[SourceDate "2007.09.14"]

1. e4 c6 2. d4 d5 3. Nd2 dxe4 4. Nxe4 Bf5 5. Ng3 Bg6 6. h4 h6 7. Nf3 Nd7 8. h5
Bh7 9. Bd3 Bxd3 10. Qxd3 e6 11. Bf4 Qa5+ 12. Bd2 Qa4 13. Qb3 Qxb3 14. axb3 Ngf6
15. b4 Bd6 16. Ne2 O-O 17. Nf4 Nb6 18. b3 Ne4 19. Nd3 Nd5 20. Ra4 Rfb8 21. c4
b5 22. Ra6 Nxd2 23. cxd5 Nxf3+ 24. gxf3 exd5 25. Kd2 Bc7 26. Rha1 Bb6 27. Kc3
Re8 28. Ne5 Rad8 29. Kd3 Rd6 30. Rc1 Ree6 31. Ra2 f6 32. Ng6 Rd7 33. Rac2 Rc7
34. Nf4 Rd6 35. Re2 1/2-1/2